00786nam a22002177a 4500003000400000005001700004008004100021020001500062040002900077050002200106100002700128245005600155260003600211300001900247650003600266650006700302650003300369942001600402952013300418999001700551OSt20260514085806.0260514b |||||||| |||| 00| 0 eng d a0140265430 cChuka University Library aPC 2112 .S56 1999 aCoward, Richard924533 aNew Penguin Parallel TextsbShort Stories In French aLondonbThe Penguin Groupc1999 aVarious Paging aFrench Language- Readers922906 aFrench Language-Textbooks For foreign Speakers- English923744 aShort Stories- French924441 2lcccFREn0 00102lcc40708LGLaCHKbCHKcGENd2026-05-14l0oPC 2112 .S56 1999p31356/2026r2026-05-14 09:03:32v1549.80w2026-05-14yFRE c22085d22085